| 000 | 00437nam a22001577a 4500 | ||
|---|---|---|---|
| 020 | _a9788181112378 | ||
| 082 |
_aH 305.42 _bUSH/Y |
||
| 100 |
_aUsha Kumari K P _946617 |
||
| 245 |
_aYug-yuganthar: _bnari swaroop/ _cby Usha Kumari K P |
||
| 260 |
_aMadhura: _bJawahar Pusthakalay, _c2012. |
||
| 300 | _a79p. | ||
| 650 |
_aWomen _946618 |
||
| 650 |
_aFeminism _946619 |
||
| 650 |
_aSocial Sciences _946620 |
||
| 942 | _cBK | ||
| 999 |
_c71648 _d71648 |
||